Mastering c++ programes (Record no. 136189)

MARC details
000 -LEADER
fixed length control field 00356nam a2200145Ia 4500
008 - FIXED-LENGTH DATA ELEMENTS--GENERAL INFORMATION
fixed length control field 230917s9999||||xx |||||||||||||| ||und||
040 ## - CATALOGING SOURCE
-- 112704
Original cataloging agency VIVEKANANDA LIBRARY
041 ## - Language
-- English
082 ## - DDC NUMBER
Classification number 005.133 D 643 M
100 ## - MAIN ENTRY--PERSONAL NAME
Personal name Dixit, J. B.
245 #0 - TITLE STATEMENT
Title Mastering c++ programes
260 ## - PUBLICATION, DISTRIBUTION, ETC. (IMPRINT)
Place of publication, distribution, etc New Delhi
Name of publisher, distributor, etc Firewall Media
Date of publication, distribution, etc 2003
300 ## - PHYSICAL DESCRIPTION
Pages 598p. p.
942 ## - ADDED ENTRY ELEMENTS (KOHA)
Koha item type Books
Holdings
Withdrawn status Lost status Damaged status Not for loan Location (home branch) Sublocation or collection (holding branch) Shelving location Date acquired Koha issues (times borrowed) Koha full call number Accession No. Koha date last seen Koha item type
        VIVEKANANDA LIBRARY VIVEKANANDA LIBRARY UIET Library 04/01/2007   005.133 D 643 M 236923 17/09/2023 Books
        VIVEKANANDA LIBRARY VIVEKANANDA LIBRARY UIET Library 04/01/2007 1 005.133 D 643 M 236924 16/12/2024 Books
        VIVEKANANDA LIBRARY VIVEKANANDA LIBRARY   04/01/2007   005.133 D 643 M 236925 17/09/2023 Books
© Designed and Maintained by Vivekananda Library, MDU Rohtak